000 00771nam a2200241 i 4500
001 C2-0274322
003 PPAK
005 20180728003413.0
008 060921s my a|||| ||||| | may d
040 _aPPAK
_beng
_cPPAK
_erda
082 0 4 _a297.43
_223
090 0 0 _a297.43
_bHIM
_dKAA
100 0 _aMohd Arshad Talib Lublis,
_eauthor
245 1 0 _aHimpunan doa - doa Nabi - Nabi dan orang - orang soleh dalam Al-Quran
264 1 _aPulau Pinang :
_bMadrasah Al-Tarbiah Islamiah ,
_c[date of publication not identified]
300 _a33 pages :
_billustrations ;
_c17 cm
336 _2rdacontent
_atext
337 _2rdamedia
_aunmediated
338 _2rdacarrier
_avolume
500 _aTeks dalam tulisan Jawi
650 1 0 _aIslamic meditations.
942 _ddc
_cB
999 _c82115
_d82115